00671nam a2200217Ia 450000500170000000800410001702000150005808200190007324500940009226000440018630000120023065000140024265000100025665000130026670000190027970000190029870000200031794200060033795200950034399900150043820250106021628.0240331s9999 xx 000 0 und d a8186962441 bLOT25484a305 0aBetween Tradition, Counter Tradition and HeresybContributions in Honour of Vina Mazumdar aDelhibRainbow Publishers Limitedc2002 a392 p., aTradition aWomen aFeminism aSarkar, Leedt aSharma, Keedt aKasturi, Leedt cL 001040708LaWERCLbWERCLcSSCd2024-03-31l0o 305 BETp5484r2024-03-31w2024-03-31yL c1429d1429